Seções cônicas (Record no. 142470)

MARC details
000 -LÍDER
campo de controle de tamanho fixo 00754 a2200181 4500
001 - NÚMERO DE CONTROLE
campo de controle 142470
040 ## - FONTE DA CATALOGAÇÃO
Instituição que transcreveu o registro Leonardo Da Vinci
041 ## - CÓDIGO DE IDIOMA
Código do idioma do texto/trilha sonora ou título diferente Português
082 ## - CDD - CLASSIFICAÇÃO DECIMAL DE DEWEY
Número de Classificação v212
100 ## - ENTRADA PRINCIPAL--NOME PESSOAL
Nome pessoal EDUCACIONAL SHOP VIDEO
245 ## - TÍTULO
Título Seções cônicas
250 ## - EDIÇÃO
Edição v.1-2
260 ## - PUBLICAÇÃO, DISTRIBUIÇÃO, ETC.
Nome do editor, distribuidor, etc. ESV
Local de publicação, distribuição, etc. São Paulo
490 ## - TÍTULO DA SÉRIE
Título da série TV Ontario
520 ## - NOTA DE RESUMO, ETC
Resumo, etc. Trata das propriedades das figuras conhecidas como seções cônicas.<br/>Desenvolve-se a equação do círculo, assim como o mapeamento das<br/>transformações que descrevem qualquer círculo no plano cartesiano.<br/>Introduz-se a diretriz e demonstra-se métodos práticos de se desenhar os<br/>cones
697 ## - ENTRADA DE ASSUNTO LOCAL--ENTIDADE COLETIVA (RLIN)
Nome corporativo ou nome da jurisdição Desenho Geométrico
-- Seccionando o cone
-- O círculo
-- Elípse
-- Parábola
-- Hipérbole
-- Reflexos Cônicos
942 ## - ELEMENTOS DE ENTRADA ADICIONADOS (KOHA)
Tipo de material Koha Materiais visuais
Holdings
Situação do descarte Situação das perdas Situação física Não pode ser emprestado Biblioteca de origem Biblioteca atual Data de aquisição Total de empréstimos Número de chamada completo Código de barras Data de último acesso Data do preço efetivo Tipo de material Koha
        Leonardo Da Vinci - Alphaville 1 Leonardo Da Vinci - Alphaville 1 27/03/2024   v212 A0233LVA 27/03/2024 27/03/2024 Materiais visuais